La Arqueología Urbana de Buenos Aires

محفوظ في:

المؤلف الرئيسي: Daniel Schávelzon

التنسيق: كتاب

اللغة: Undetermined

الوصول للمادة أونلاين: Login to view Source

الوسوم: إضافة وسم

لا توجد وسوم, كن أول من يضع وسما على هذه التسجيلة!

رقم الطلب:

LEADER 00454nmm a2200133Ia 4500
008 240716s9999||||xx |||||||||||||||||und||
020 |a 9781803275550 
020 |a 9781803275567 
100 |a Daniel Schávelzon 
245 1 0 |a La Arqueología Urbana de Buenos Aires  |c Daniel Schávelzon 
264 |b Archaeopress Access Archaeology  |c 12-أكتوبر-23 
856 4 0 |u http://library.arce.org:8087/Archaeopress/Products/9781803275550 
942 |2 lcc  |c EBOOK 
999 |c 59003  |d 59003